[Event "Canada vs. Venezeula"]
[Site "CCCA"]
[Date "2017.12.25"]
[Round "1"]
[White "Bukowski, George"]
[Black "Reyes Maldonado, César Jesús"]
[Result "1/2-1/2"]
[WhiteElo "2333"]
[BlackElo "2366"]
[EventDate "2017.12.25"]
[Board "1"]
[WhiteTeam "CANADA"]
[BlackTeam "VENEZUELA"]

1.d4 Nf6 2.Nf3 g6 3.c4 Bg7 4.g3 O-O 5.Bg2 c6 6.O-O d5 7.b3 dxc4 8.bxc4 c5 
9.Bb2 Qb6 10.Qc1 cxd4 11.Nxd4 Bd7 12.e3 Nc6 13.Nd2 Rac8 14.Bc3 Nxd4 15.
exd4 Bf5 16.Qa3 Bd3 17.Rfd1 Bxc4 18.Nxc4 Rxc4 19.Rab1 Qa6 20.Qb3 Qa4 21.
Qxa4 Rxa4 22.Bb4 Re8 23.a3 Bf8 24.Bc5 Rb8 25.Rxb7 Rxb7 26.Bxb7 Ra5 1/2-1/2

[Event "Canada vs. Venezeula"]
[Site "CCCA"]
[Date "2017.12.25"]
[Round "2"]
[White "Reyes Maldonado, César Jesús"]
[Black "Bukowski, George"]
[Result "1/2-1/2"]
[WhiteElo "2366"]
[BlackElo "2333"]
[EventDate "2017.12.25"]
[Board "1"]
[WhiteTeam "VENEZUELA"]
[BlackTeam "CANADA"]

1.e4 e5 2.Nf3 Nc6 3.Bb5 Nf6 4.d3 Bc5 5.Bxc6 dxc6 6.Nbd2 Be6 7.O-O Nd7 8.
Nb3 Bb6 9.Ng5 Bxb3 10.axb3 f6 11.Nf3 Nc5 12.Nd2 O-O 13.Nc4 Ne6 14.Bd2 a6 
15.Bb4 Rf7 16.h3 Qd7 17.Bc3 Bc5 18.Qg4 Raf8 19.Kh2 Bd6 20.Qd1 Rd8 21.Kg1 
1/2-1/2

[Event "Canada vs. Venezeula"]
[Site "CCCA"]
[Date "2017.12.25"]
[Round "1"]
[White "Hryniw, Michael"]
[Black "Graterol, Servelión"]
[Result "0-1"]
[WhiteElo "2244"]
[BlackElo "2158"]
[EventDate "2017.12.25"]
[Board "8"]
[WhiteTeam "CANADA"]
[BlackTeam "VENEZUELA"]

1.d4 Nf6 2.Nf3 e6 3.Bf4 c5 4.e3 Nc6 5.Nbd2 d5 6.c3 Bd6 7.Bg3 O-O 8.Bb5 a6 
9.Bxc6 bxc6 10.Qa4 cxd4 11.cxd4 a5 12.Bxd6 Qxd6 13.O-O Ba6 14.Rfc1 Bb5 15.
Qc2 a4 16.Ne5 Rfc8 17.h3 c5 18.Qc3 cxd4 19.Qxc8+ Rxc8 20.Rxc8+ Ne8 21.exd4
f6 22.Nef3 Bd7 23.Rc3 Qb4 24.Rb1 h5 25.a3 Qa5 26.Nf1 Nd6 27.Ng3 Nb5 28.Re3
h4 29.Nf1 Qb6 30.Rd1 Nd6 31.Re2 Ne4 32.Ne3 Bb5 33.Rc2 Kh7 34.Nxh4 Qa6 35.
Re1 Bd3 36.Rcc1 Qb6 37.Nd1 Qxd4 38.Nf3 Qb6 39.Re3 Ba6 40.Rc2 e5 41.Re1 Bd3
42.Rc1 d4 43.Kh1 Nd6 0-1

[Event "Canada vs. Venezeula"]
[Site "CCCA"]
[Date "2017.12.25"]
[Round "2"]
[White "Graterol, Servelión"]
[Black "Hryniw, Michael"]
[Result "1-0"]
[WhiteElo "2158"]
[BlackElo "2244"]
[EventDate "2017.12.25"]
[Board "8"]
[WhiteTeam "VENEZUELA"]
[BlackTeam "CANADA"]

1.d4 Nf6 2.Bg5 Ne4 3.Bf4 c5 4.f3 Nf6 5.dxc5 Qa5+ 6.Qd2 Qxc5 7.Nc3 g6 8.e4 
Bg7 9.O-O-O O-O 10.Bh6 d6 11.h4 Be6 12.h5 Bxh6 13.Qxh6 Nbd7 14.hxg6 fxg6 
15.Nge2 Rf7 16.Nd4 Nf8 17.Nxe6 Nxe6 18.Nd5 Nxd5 19.Rxd5 Qc6 20.b3 Nf8 21.
Kb1 e6 22.Rd4 Rd8 23.Qd2 Rfd7 24.a4 a6 25.Rc4 Qb6 26.a5 Qb5 27.Rd4 Qc6 28.
Bc4 d5 29.exd5 exd5 30.Bd3 Qf6 31.Rf4 Qe5 32.Rg4 Rc8 33.Re1 Qf6 34.Rg5 Ne6
35.Rxe6 Qxe6 36.Bf5 Qxf5 37.Rxf5 gxf5 38.Qg5+ Rg7 39.Qxf5 Rcc7 40.Qxd5+ 
Rcf7 41.Qd8+ Rf8 42.Qd2 h6 43.Kb2 Rff7 44.c4 Rf5 45.b4 Rfg5 46.Qd8+ Kh7 
47.Qd3+ Kg8 48.g4 h5 49.gxh5 Rxh5 50.Kb3 Rh3 51.Qd8+ Kh7 52.Qd5 Rh6 53.
Qe4+ Kg8 54.Qe8+ Kh7 55.Qf8 Rhg6 56.b5 axb5 57.cxb5 Rd7 58.Qf5 Re7 59.Kc4 
Kg7 60.Qd5 Rf6 61.b6 Rff7 62.Qg5+ Kf8 63.f4 Re4+ 64.Kd3 Ree7 65.Qh6+ Kg8 
66.f5 Rd7+ 67.Kc4 Rfe7 68.Qg6+ Kf8 69.f6 Rf7 70.Qh6+ Kg8 71.Kc5 Rd8 72.
Qg5+ Kh8 73.Qh4+ Kg8 74.a6 bxa6 75.b7 Rff8 76.Qc4+ Kh7 77.Qg4 Kh6 78.Qg7+ 
Kh5 79.f7 a5 80.Kb5 a4 81.Kxa4 1-0

[Event "Canada vs. Venezeula"]
[Site "CCCA"]
[Date "2017.12.25"]
[Round "1"]
[White "Davis, Laura Anne"]
[Black "García Rosales, José Alexander"]
[Result "0-1"]
[WhiteElo "1968"]
[BlackElo "1904"]
[EventDate "2017.12.25"]
[Board "15"]
[WhiteTeam "CANADA"]
[BlackTeam "VENEZUELA"]

1.e4 c5 2.d3 Nc6 3.Nf3 e6 4.Be2 Nf6 5.Nc3 d5 6.exd5 exd5 7.O-O d4 8.Ne4 
Nxe4 9.dxe4 Bd6 10.Bc4 O-O 11.Bd5 Be6 12.c4 Qd7 13.Ng5 h6 14.Nf3 f5 15.
exf5 Rxf5 16.Nh4 Rf6 17.f4 Bxd5 18.cxd5 Nb4 19.f5 Re8 20.Qg4 Nc2 21.Rb1 c4
22.Bd2 Bc5 23.Kh1 Qxd5 24.h3 Ne3 25.Bxe3 Rxe3 26.Rfe1 h5 27.Qg5 Rxh3+ 28.
Kg1 d3+ 29.Kf1 Rh1# 0-1

[Event "Canada vs. Venezeula"]
[Site "CCCA"]
[Date "2017.12.25"]
[Round "2"]
[White "García Rosales, José Alexander"]
[Black "Davis, Laura Anne"]
[Result "1-0"]
[WhiteElo "1904"]
[BlackElo "1968"]
[EventDate "2017.12.25"]
[Board "15"]
[WhiteTeam "VENEZUELA"]
[BlackTeam "CANADA"]

1.d4 d5 2.c4 e6 3.e3 Nf6 4.Nf3 Be7 5.b3 O-O 6.Bb2 Bd7 7.Be2 Nc6 8.O-O h6 
9.Nc3 b6 10.Rc1 dxc4 11.Bxc4 Na5 12.Bd3 c5 13.dxc5 Bxc5 14.a3 Nb7 15.Ba6 
Bc6 16.b4 Be7 17.Nd4 Qe8 18.Nxc6 Qxc6 19.Nb1 Qd6 20.Bxb7 Rab8 21.Qf3 Nd5 
22.Bxd5 exd5 23.Nc3 Rbd8 24.Nb5 Qd7 25.Rc7 Qxb5 26.Rxe7 a5 27.Qg3 g6 28.
Qe5 f6 29.Qe6+ Kh8 30.Bxf6+ Rxf6 31.Qxf6+ Kg8 32.Qg7# 1-0

[Event "Canada vs. Venezeula"]
[Site "CCCA"]
[Date "2017.12.25"]
[Round "1"]
[White "Deidun, Joseph (jun)"]
[Black "Piña, José Manuel"]
[Result "1-0"]
[WhiteElo "2111"]
[BlackElo "2053"]
[EventDate "2017.12.25"]
[Board "10"]
[WhiteTeam "CANADA"]
[BlackTeam "VENEZUELA"]
[Termination "abandoned"]

1.d4 d5 2.c4 c6 3.Nf3 Nf6 4.Nc3 dxc4 5.a4 Bf5 6.e3 e6 7.Bxc4 Bb4 8.O-O O-O
9.Qe2 Nbd7 10.e4 Bg6 11.Bd3 Bh5 12.e5 Nd5 13.Ne4 h6 14.Ng3 Bxf3 15.Qxf3 
Qh4 16.Rd1 f5 17.Ne2 c5 18.Nf4 Nxf4 19.Bxf4 Nb6 20.Bg3 Qe7 21.dxc5 Bxc5 
22.a5 Nd5 23.h3 Rac8 24.a6 bxa6 25.Bxa6 Rb8 26.b3 f4 27.Bh2 Ne3 28.Rd3 Nc2
29.Rad1 Qg5 30.Rd7 Qxe5 31.Qe2 Qxe2 32.Bxe2 Rxb3 33.Rc7 Rc3 34.Rdd7 Bd4 
35.Bg4 Rxc7 36.Rxc7 Na3 37.Bxe6+ 1-0

[Event "Canada vs. Venezeula"]
[Site "CCCA"]
[Date "2017.12.25"]
[Round "2"]
[White "Piña, José Manuel"]
[Black "Deidun, Joseph (jun)"]
[Result "0-1"]
[WhiteElo "2053"]
[BlackElo "2111"]
[EventDate "2017.12.25"]
[Board "10"]
[WhiteTeam "VENEZUELA"]
[BlackTeam "CANADA"]
[Termination "abandoned"]

1.d4 Nf6 2.c4 e6 3.Nf3 b6 4.g3 Bb7 5.Bg2 Be7 6.O-O O-O 7.Nc3 Ne4 8.Qc2 
Nxc3 9.Qxc3 c5 10.Rd1 d6 11.b3 Bf6 12.Bb2 Qe7 13.Qc2 Nc6 14.e4 g6 15.d5 
Nb4 16.Qc1 Bxb2 17.Qxb2 e5 18.Nd2 Na6 19.f4 exf4 20.gxf4 Rae8 21.Qc3 f6 
22.Qg3 Qg7 23.a3 f5 24.Re1 Qd4+ 25.Qe3 Qg7 26.e5 g5 27.e6 gxf4 28.Qxf4 
Rxe6 29.Rxe6 Qxa1+ 30.Kf2 Bc8 31.Rxd6 Kh8 32.Nf3 Qb2+ 33.Qd2 Qxb3 34.Ng5 
f4 35.Be4 Qxc4 0-1

[Event "Canada vs. Venezeula"]
[Site "CCCA"]
[Date "2017.12.25"]
[Round "1"]
[White "Sharpe, Sam"]
[Black "Ramirez, Jonathan"]
[Result "1/2-1/2"]
[WhiteElo "2329"]
[BlackElo "2345"]
[EventDate "2017.12.25"]
[Board "2"]
[WhiteTeam "CANADA"]
[BlackTeam "VENEZUELA"]

1.d4 Nf6 2.c4 g6 3.g3 Bg7 4.Bg2 O-O 5.Nc3 d6 6.Nf3 Nc6 7.O-O a6 8.Qd3 e5 
9.dxe5 dxe5 10.Qxd8 Rxd8 11.Bg5 Re8 12.Rfd1 h6 13.Bxf6 Bxf6 14.Nd2 Kg7 15.
a3 h5 16.b4 h4 17.Rac1 hxg3 18.hxg3 Bg4 19.Kf1 Rab8 20.Nd5 Bd8 21.Bf3 Bf5 
22.Be4 Be6 23.Bg2 f5 24.Nb3 e4 25.Nc5 Bc8 26.f3 b6 27.Nxa6 Bxa6 28.b5 Bb7 
29.bxc6 Bxc6 30.c5 Bxd5 1/2-1/2

[Event "Canada vs. Venezeula"]
[Site "CCCA"]
[Date "2017.12.25"]
[Round "2"]
[White "Ramirez, Jonathan"]
[Black "Sharpe, Sam"]
[Result "1/2-1/2"]
[WhiteElo "2345"]
[BlackElo "2329"]
[EventDate "2017.12.25"]
[Board "2"]
[WhiteTeam "VENEZUELA"]
[BlackTeam "CANADA"]

1.e4 e6 2.d4 d5 3.Nc3 Nf6 4.e5 Nfd7 5.f4 c5 6.Nf3 Nc6 7.Be3 a6 8.Qd2 b5 9.
Nd1 Be7 10.c3 b4 11.Bd3 a5 12.O-O O-O 13.Qc2 g6 14.Qf2 bxc3 15.bxc3 cxd4 
16.Nxd4 Nxd4 17.cxd4 Ba6 18.Bxa6 Rxa6 19.Rc1 Nb6 20.f5 exf5 21.Bh6 Re8 22.
Qf3 Bf8 23.Bxf8 Rxf8 24.Ne3 Nc4 25.Nxc4 dxc4 26.Rxc4 Rb6 27.h3 1/2-1/2

[Event "Canada vs. Venezeula"]
[Site "CCCA"]
[Date "2017.12.25"]
[Round "1"]
[White "Dufour, Michael"]
[Black "Eman, Juan"]
[Result "1/2-1/2"]
[WhiteElo "2311"]
[BlackElo "2279"]
[EventDate "2017.12.25"]
[Board "3"]
[WhiteTeam "CANADA"]
[BlackTeam "VENEZUELA"]

1.e4 c6 2.d4 d5 3.f3 e6 4.Nc3 Bb4 5.Bf4 Ne7 6.Qd3 O-O 7.O-O-O b6 8.Nge2 
Ba6 9.Qe3 c5 10.a3 Bxc3 11.Qxc3 Nd7 12.Bd6 Rc8 13.Qe3 Re8 14.Nc3 Bxf1 15.
Bxe7 Qxe7 16.Rhxf1 dxe4 17.Nxe4 Nf6 18.Nxf6+ Qxf6 19.dxc5 Rxc5 20.Rd4 Re5 
21.Qd3 Rd5 1/2-1/2

[Event "Canada vs. Venezeula"]
[Site "CCCA"]
[Date "2017.12.25"]
[Round "2"]
[White "Eman, Juan"]
[Black "Dufour, Michael"]
[Result "1/2-1/2"]
[WhiteElo "2279"]
[BlackElo "2311"]
[EventDate "2017.12.25"]
[Board "3"]
[WhiteTeam "VENEZUELA"]
[BlackTeam "CANADA"]

1.d4 Nf6 2.Bg5 e6 3.e4 h6 4.Bxf6 Qxf6 5.c3 d6 6.Bd3 Qg5 7.g3 e5 8.Nd2 g6 
9.f4 Qe7 10.Ngf3 Bg7 11.dxe5 dxe5 12.f5 Nd7 13.Qe2 Bf6 14.Bc2 b6 15.Nc4 
Bb7 16.Ne3 O-O-O 17.O-O-O Nc5 18.Nd5 Bxd5 19.exd5 e4 20.Nd4 Rxd5 21.fxg6 
fxg6 22.Kb1 Kb7 1/2-1/2

[Event "Canada vs. Venezeula"]
[Site "CCCA"]
[Date "2017.12.25"]
[Round "1"]
[White "Prystenski, Arthur"]
[Black "Guaimare, Carlos Luis"]
[Result "1/2-1/2"]
[WhiteElo "2162"]
[BlackElo "2228"]
[EventDate "2017.12.25"]
[Board "6"]
[WhiteTeam "CANADA"]
[BlackTeam "VENEZUELA"]

1.d4 Nf6 2.c4 e6 3.Nc3 Bb4 4.f3 d5 5.a3 Bxc3+ 6.bxc3 c5 7.cxd5 Nxd5 8.dxc5
f5 9.Nh3 Qa5 10.Nf4 Nc6 11.Nxd5 exd5 12.Qd3 Qxc5 13.a4 Be6 14.e3 Qa5 15.
Be2 O-O 16.O-O Qc7 17.Ba3 Rfe8 18.Rfe1 Rad8 19.Rad1 h6 20.Qd2 Bf7 21.Bd3 
Bg6 22.Qa2 Kh7 23.Qb1 Qc8 24.Qb5 b6 25.Bf1 Qc7 26.Qb1 Na5 27.Bb5 Re5 28.
Qd3 Be8 29.c4 Bxb5 30.cxb5 Qf7 31.Bb2 Ree8 32.Bd4 Nc4 33.Rc1 1/2-1/2

[Event "Canada vs. Venezeula"]
[Site "CCCA"]
[Date "2017.12.25"]
[Round "2"]
[White "Guaimare, Carlos Luis"]
[Black "Prystenski, Arthur"]
[Result "1-0"]
[WhiteElo "2228"]
[BlackElo "2162"]
[EventDate "2017.12.25"]
[Board "6"]
[WhiteTeam "VENEZUELA"]
[BlackTeam "CANADA"]

1.e4 e6 2.d4 d5 3.Nc3 Nf6 4.Bg5 Bb4 5.e5 h6 6.Bd2 Bxc3 7.bxc3 Ne4 8.Qg4 
Kf8 9.Bd3 Nxd2 10.Kxd2 c5 11.h4 Nc6 12.Qf4 c4 13.Bg6 Qe7 14.Bh5 Kg8 15.Ne2
Bd7 16.g4 g6 17.g5 hxg5 18.hxg5 Rxh5 19.Rxh5 gxh5 20.Rh1 Kg7 21.Ng3 Rh8 
22.Rxh5 Nxd4 23.Qxd4 Rxh5 24.Nxh5+ Kf8 25.Nf6 Bc6 26.Nh7+ Ke8 27.Qxa7 Kd7 
28.Nf6+ Kc8 29.f4 Kc7 30.Ng4 1-0

[Event "Canada vs. Venezeula"]
[Site "CCCA"]
[Date "2017.12.25"]
[Round "1"]
[White "Green, Peter"]
[Black "Natera, Luis"]
[Result "1/2-1/2"]
[WhiteElo "2145"]
[BlackElo "2182"]
[EventDate "2017.12.25"]
[Board "7"]
[WhiteTeam "CANADA"]
[BlackTeam "VENEZUELA"]

1.e4 e5 2.Nf3 Nc6 3.Bb5 a6 4.Ba4 Nf6 5.O-O Nxe4 6.d4 b5 7.Bb3 d5 8.dxe5 
Be6 9.Nbd2 Nc5 10.c3 Be7 11.Bc2 d4 12.Nb3 d3 13.Bb1 Nxb3 14.axb3 Bf5 15.
Re1 O-O 16.b4 Qd7 17.h3 Rfd8 18.g4 Bg6 19.Bf4 a5 20.bxa5 Rxa5 21.Ba2 Rf8 
22.e6 Qd8 23.exf7+ Kh8 24.Qd2 Qa8 25.b4 Ra4 26.Ne5 Nxe5 27.Bxe5 Bd6 28.Bd4
Bxf7 29.Qh6 Rg8 1/2-1/2

[Event "Canada vs. Venezeula"]
[Site "CCCA"]
[Date "2017.12.25"]
[Round "2"]
[White "Natera, Luis"]
[Black "Green, Peter"]
[Result "1/2-1/2"]
[WhiteElo "2182"]
[BlackElo "2145"]
[EventDate "2017.12.25"]
[Board "7"]
[WhiteTeam "VENEZUELA"]
[BlackTeam "CANADA"]

1.e4 e5 2.Nf3 Nc6 3.d4 exd4 4.Nxd4 Nf6 5.Nxc6 bxc6 6.e5 Qe7 7.Qe2 Nd5 8.c4
Nb6 9.Nc3 Ba6 10.Qe4 Qe6 11.b3 Bb4 12.Bd2 Bxc3 13.Bxc3 d5 14.Qh4 dxc4 15.
Be2 Nd5 16.Bxc4 g5 17.Bxd5 gxh4 18.Bxe6 fxe6 19.Bd4 O-O-O 20.Bxa7 Rd5 21.
Be3 Rg8 22.Rg1 c5 23.f4 h5 24.Kf2 Rf8 25.g3 hxg3+ 26.Kxg3 Rd3 27.Kf2 c4 
28.bxc4 Ra3 29.Rg5 h4 30.Rh5 Bxc4 31.Rxh4 Bd5 32.Rh3 Rc3 33.Ke2 Ra3 34.Rg3
Rh8 35.h3 Be4 36.Bf2 Rxh3 37.Rxa3 1/2-1/2

[Event "Canada vs. Venezeula"]
[Site "CCCA"]
[Date "2017.12.25"]
[Round "1"]
[White "Taylor, Bob"]
[Black "Rodríguez, Luis Aníbal"]
[Result "1/2-1/2"]
[WhiteElo "2130"]
[BlackElo "2060"]
[EventDate "2017.12.25"]
[Board "9"]
[WhiteTeam "CANADA"]
[BlackTeam "VENEZUELA"]

1.Nf3 d5 2.c4 d4 3.g3 c5 4.b4 cxb4 5.a3 b3 6.Bg2 Nc6 7.d3 e5 8.Nbd2 Nf6 9.
O-O Be7 10.Nxb3 a5 11.Ne1 O-O 12.Nc2 Bd7 13.Rb1 h6 14.Nd2 Rb8 15.Ne4 Nxe4 
16.Bxe4 Qc7 17.e3 Bc5 18.Qf3 Rbe8 19.Bb2 b6 20.Qh5 Qc8 21.Bxc6 Bg4 22.Bb7 
Bxh5 23.Bxc8 Rxc8 24.exd4 exd4 25.Bxd4 Be2 26.Bxc5 Rxc5 27.Rb2 Bxd3 28.Rd1
Bxc2 29.Rxc2 Rfc8 30.Rdc1 b5 31.f4 bxc4 32.Rc3 f5 33.Kf2 Kf7 34.a4 g5 35.
Ke3 R5c6 36.Rb1 Rd8 37.h3 Ke6 38.Rb5 Rd5 39.Rb2 gxf4+ 40.gxf4 Kf6 41.Rbc2 
Re6+ 42.Kf3 Kg6 43.Rxc4 Rd3+ 44.Kg2 Ree3 45.Rc5 Rg3+ 46.Kf1 Rd4 47.Rxa5 
Rxf4+ 48.Rf2 Rxf2+ 49.Kxf2 Rxh3 50.Ra6+ Kg5 51.Kg2 Ra3 52.a5 h5 53.Ra8 Kg4
1/2-1/2

[Event "Canada vs. Venezeula"]
[Site "CCCA"]
[Date "2017.12.25"]
[Round "2"]
[White "Rodríguez, Luis Aníbal"]
[Black "Taylor, Bob"]
[Result "1/2-1/2"]
[WhiteElo "2060"]
[BlackElo "2130"]
[EventDate "2017.12.25"]
[Board "9"]
[WhiteTeam "VENEZUELA"]
[BlackTeam "CANADA"]

1.e4 c5 2.Nf3 d6 3.d4 cxd4 4.Nxd4 Nf6 5.Nc3 Nc6 6.Bg5 e6 7.Qd2 a6 8.O-O-O 
Bd7 9.f4 Be7 10.Nf3 b5 11.Bxf6 gxf6 12.Kb1 Qb6 13.f5 O-O-O 14.g3 Kb8 15.
fxe6 fxe6 16.Bh3 Na5 17.Nd4 b4 18.Nce2 e5 19.Bxd7 Rxd7 20.Nf5 Nc4 21.Qd3 
Rc8 22.Nc1 a5 23.Nb3 Bf8 24.Nd2 Na3+ 25.bxa3 Rc3 26.Qe2 bxa3+ 27.Nb3 a4 
28.Rd3 Qb4 29.Qd2 Rdc7 30.Rxc3 1/2-1/2

[Event "Canada vs. Venezeula"]
[Site "CCCA"]
[Date "2017.12.25"]
[Round "1"]
[White "Egan, Michael"]
[Black "de Paz González, Yasset"]
[Result "1-0"]
[WhiteElo "2092"]
[BlackElo "2022"]
[EventDate "2017.12.25"]
[Board "11"]
[WhiteTeam "CANADA"]
[BlackTeam "VENEZUELA"]

1.b3 e5 2.Bb2 Nc6 3.e3 Nf6 4.Bb5 Bd6 5.Na3 Na5 6.Be2 c6 7.c4 O-O 8.Nc2 b6 
9.Nf3 e4 10.Nfd4 Be5 11.b4 c5 12.bxa5 cxd4 13.exd4 Bf4 14.g3 Bh6 15.d5 
bxa5 16.Nd4 d6 17.Nc6 Qd7 18.O-O Re8 19.Re1 Qf5 20.Bd4 a6 21.Rb1 Qg6 22.
Rb6 Bg5 23.Nxa5 Qh6 24.Be3 Bxe3 25.dxe3 Nd7 26.c5 Nxc5 27.Nc4 Rd8 28.Qd4 
Bh3 29.Rc6 Qg6 30.Nxd6 Rxd6 31.Qxc5 Rad8 32.Rb1 h6 33.Bxa6 Rxc6 34.dxc6 
Rd2 35.Qc3 Qd6 36.Bf1 Bxf1 37.Kxf1 Rd1+ 38.Kg2 Rxb1 39.c7 Rb8 40.cxb8=Q+ 
Qxb8 41.a4 Qa8 42.Qb4 Kh7 43.Qb5 1-0

[Event "Canada vs. Venezeula"]
[Site "CCCA"]
[Date "2017.12.25"]
[Round "2"]
[White "de Paz González, Yasset"]
[Black "Egan, Michael"]
[Result "0-1"]
[WhiteElo "2022"]
[BlackElo "2092"]
[EventDate "2017.12.25"]
[Board "11"]
[WhiteTeam "VENEZUELA"]
[BlackTeam "CANADA"]

1.d4 e6 2.e4 b6 3.Bd3 Bb7 4.Nf3 c5 5.O-O cxd4 6.Nxd4 a6 7.Nc3 d6 8.Re1 Nd7
9.a4 Ngf6 10.Bc4 Qc8 11.Qe2 Be7 12.Nxe6 fxe6 13.Bxe6 Qc7 14.Bg5 Nc5 15.Bc4
Kf8 16.Rad1 h6 17.Bf4 Ncd7 18.Bg3 Ne5 19.Rd4 g5 20.Be6 Kg7 21.Nd1 Rhe8 22.
Bf5 Bf8 23.h4 g4 24.Ne3 Kh8 25.Red1 Rad8 26.Bxe5 Rxe5 27.Nxg4 Nxg4 28.Qxg4
Bc8 29.Qg6 Qe7 30.g3 Bxf5 31.exf5 Qe8 32.Rb4 Qxg6 33.fxg6 Rb8 34.f4 Rc5 
35.c3 Kg7 36.g4 h5 37.f5 hxg4 38.Rf1 Be7 39.Rxg4 Rh8 40.Rb4 Rxh4 41.Rxb6 
Rxa4 42.b4 Rc7 43.Kh1 Ra3 44.c4 Rxc4 45.Rb7 Kf6 46.Re1 Rg4 47.Kh2 Bd8 48.
Re2 Kg5 49.Rg2 Bf6 50.Rf7 Be5+ 51.Kg1 Kf4 52.Rxg4+ Kf3 53.Kh1 Bg3 0-1

[Event "Canada vs. Venezeula"]
[Site "CCCA"]
[Date "2017.12.25"]
[Round "1"]
[White "Rosenhek, Marvin"]
[Black "Rozo, Richard"]
[Result "0-1"]
[WhiteElo "2035"]
[BlackElo "1948"]
[EventDate "2017.12.25"]
[Board "13"]
[WhiteTeam "CANADA"]
[BlackTeam "VENEZUELA"]

1.Nf3 Nf6 2.c4 g6 3.Nc3 Bg7 4.e4 d6 5.d4 O-O 6.Be2 e5 7.O-O Nc6 8.d5 Ne7 
9.Ne1 Nd7 10.Nd3 f5 11.f3 f4 12.Bd2 g5 13.b4 h5 14.c5 Nf6 15.b5 g4 16.c6 
bxc6 17.bxc6 g3 18.hxg3 fxg3 19.Bg5 Ng6 20.Qe1 h4 21.Rb1 Qe8 22.Nb5 Qe7 
23.Rb2 a6 24.Qa5 axb5 25.Qxa8 h3 26.Qa7 Nf4 27.Nxf4 exf4 28.Rfb1 Qe5 29.
Bxf6 Bxf6 30.Bxb5 hxg2 0-1

[Event "Canada vs. Venezeula"]
[Site "CCCA"]
[Date "2017.12.25"]
[Round "2"]
[White "Rozo, Richard"]
[Black "Rosenhek, Marvin"]
[Result "1/2-1/2"]
[WhiteElo "1948"]
[BlackElo "2035"]
[EventDate "2017.12.25"]
[Board "13"]
[WhiteTeam "VENEZUELA"]
[BlackTeam "CANADA"]

1.e4 e5 2.Nf3 Nf6 3.Nxe5 d6 4.Nf3 Nxe4 5.d4 d5 6.Bd3 Nc6 7.O-O Be7 8.c4 
Nb4 9.Be2 O-O 10.Nc3 Bf5 11.a3 Nxc3 12.bxc3 Nc6 13.Re1 Re8 14.Bf4 dxc4 15.
Bxc4 Bd6 16.Rxe8+ Qxe8 17.Ng5 Bg6 18.Bxd6 cxd6 19.Qd2 Qd7 20.Nh3 d5 21.Ba2
f6 22.Nf4 Bf7 23.g3 Na5 24.Qd3 Rc8 25.Qf3 Nc4 26.Re1 b5 27.h3 Qd8 28.Qg4 
Rc6 29.Re2 Nb6 1/2-1/2

[Event "Canada vs. Venezeula"]
[Site "CCCA"]
[Date "2017.12.25"]
[Round "1"]
[White "Demian, Valer-Eugen"]
[Black "Cubides, Anthonny"]
[Result "1/2-1/2"]
[WhiteElo "2235"]
[BlackElo "2256"]
[EventDate "2017.12.25"]
[Board "4"]
[WhiteTeam "CANADA"]
[BlackTeam "VENEZUELA"]

1.d4 d5 2.c4 c6 3.Nc3 e6 4.Nf3 Nf6 5.Bg5 h6 6.Bh4 dxc4 7.e4 g5 8.Bg3 b5 9.
h4 g4 10.Ne5 Nbd7 11.Be2 Nxe5 12.Bxe5 Rg8 13.O-O Bb7 14.g3 a6 15.Re1 Bb4 
16.Qc2 Qe7 17.a4 Rd8 18.Rad1 Ba5 19.Bf4 Rg6 20.Be3 h5 21.Bf1 e5 22.Bg2 Nd7
23.axb5 axb5 24.d5 Nc5 25.dxc6 Bxc6 26.Rxd8+ Bxd8 27.Nd5 Qf8 28.Kh2 Nb3 
29.f4 gxf3 30.Bxf3 Nd4 31.Bxd4 exd4 32.Qf2 Qc5 33.Bxh5 Rg7 34.Qf4 d3 35.
Qe5+ Kf8 36.Rf1 Bxd5 37.Bxf7 Rxf7 38.Qh8+ Ke7 39.Qe5+ Kf8 40.Qh8+ 1/2-1/2

[Event "Canada vs. Venezeula"]
[Site "CCCA"]
[Date "2017.12.25"]
[Round "2"]
[White "Cubides, Anthonny"]
[Black "Demian, Valer-Eugen"]
[Result "1-0"]
[WhiteElo "2256"]
[BlackElo "2235"]
[EventDate "2017.12.25"]
[Board "4"]
[WhiteTeam "VENEZUELA"]
[BlackTeam "CANADA"]

1.Nf3 c5 2.d4 Nf6 3.d5 d6 4.Nc3 g6 5.e4 a6 6.a4 Bg7 7.Nd2 b6 8.Nc4 O-O 9.
Bd3 Nbd7 10.O-O Rb8 11.Re1 b5 12.axb5 axb5 13.Na5 Ne5 14.Bxb5 Qc7 15.Bg5 
h6 16.Bf4 Bd7 17.Bxe5 Bxb5 18.Bf4 Nd7 19.Ra3 Ne5 20.Qd2 h5 21.h3 Bd7 22.
Bxe5 Bxe5 23.Nc4 Bg7 24.Rea1 Rfc8 25.e5 Bxe5 26.Nxe5 dxe5 27.Ne4 Kg7 28.d6
Qc6 29.Ng3 exd6 30.Qg5 Rh8 31.Rf3 Kg8 32.Ra7 Rh7 33.Re3 d5 34.c4 d4 35.
Rea3 h4 36.R3a6 hxg3 37.Rxc6 gxf2+ 38.Kxf2 Bxc6 39.Kg1 Rh5 40.Qe7 Rf5 41.
Qc7 Rxb2 42.Qxc6 d3 43.Ra8+ Kg7 44.Qc8 Kh6 45.Qh8+ Kg5 46.Qd8+ f6 47.Qxd3 
Rf4 48.Rg8 e4 49.Qd5+ 1-0

[Event "Canada vs. Venezeula"]
[Site "CCCA"]
[Date "2017.12.25"]
[Round "1"]
[White "Giroux, Marc"]
[Black "Vélez, Roman"]
[Result "1/2-1/2"]
[WhiteElo "2173"]
[BlackElo "2242"]
[EventDate "2017.12.25"]
[Board "5"]
[WhiteTeam "CANADA"]
[BlackTeam "VENEZUELA"]

1.e4 c5 2.Nf3 d6 3.d4 cxd4 4.Nxd4 Nf6 5.Nc3 a6 6.Bg5 e6 7.Be2 Be7 8.O-O 
O-O 9.Qd3 h6 10.Bd2 Qc7 11.a4 d5 12.exd5 exd5 13.Nf5 Nc6 14.Nxe7+ Nxe7 15.
Qd4 Nf5 16.Qf4 Qxf4 17.Bxf4 d4 18.Na2 Be6 19.Nc1 Rfd8 20.Bd3 Nd5 21.Bd2 
Nfe7 22.Nb3 Bf5 23.Nxd4 Bxd3 24.cxd3 Nf4 25.Rfe1 Ned5 26.Ra3 Nb4 27.Bxb4 
Rxd4 28.Bc5 Rxd3 29.g3 Rxa3 30.Bxa3 Ne6 31.Rd1 Rd8 32.Rxd8+ 1/2-1/2

[Event "Canada vs. Venezeula"]
[Site "CCCA"]
[Date "2017.12.25"]
[Round "2"]
[White "Vélez, Roman"]
[Black "Giroux, Marc"]
[Result "1/2-1/2"]
[WhiteElo "2242"]
[BlackElo "2173"]
[EventDate "2017.12.25"]
[Board "5"]
[WhiteTeam "VENEZUELA"]
[BlackTeam "CANADA"]

1.d4 Nf6 2.Bg5 c5 3.d5 Ne4 4.Bf4 Qb6 5.Bc1 e6 6.f3 Nf6 7.e4 exd5 8.exd5 
Bd6 9.c4 O-O 10.Bd3 Be5 11.Ne2 Bxb2 12.Bxb2 Qxb2 13.Nbc3 Qb6 14.g4 d6 15.
O-O h6 16.Ng3 Qd8 17.Kg2 a6 18.a4 Nbd7 19.f4 Nh7 20.g5 g6 21.h4 Re8 22.Qc2
hxg5 23.hxg5 Ndf8 24.Nce4 f5 25.gxf6 Nxf6 26.Qb2 N6h7 27.Rh1 Re7 28.Rh6 
Rg7 29.a5 Rb8 30.Rah1 b6 31.Kf2 b5 32.cxb5 axb5 33.R1h4 Rf7 34.Kg2 c4 35.
Be2 Ra8 36.Bg4 c3 37.Qxc3 Rxf4 38.Be6+ Bxe6 39.Rxf4 Bxd5 40.Rg4 Qe8 41.Qd2
Bb7 42.Qa2+ Qf7 43.Rgxg6+ Nxg6 44.Qxf7+ Kxf7 45.Rxh7+ Ke6 46.Rxb7 Rxa5 47.
Rb6 Nf4+ 48.Kf3 Ke5 49.Nxd6 Nd5 50.Nf7+ Kd4 51.Nf5+ Kc5 52.Rb8 Ra3+ 53.Ke4
Ra4+ 54.Kd3 Ra3+ 55.Kd2 1/2-1/2

[Event "Canada vs. Venezeula"]
[Site "CCCA"]
[Date "2017.12.25"]
[Round "1"]
[White "Carter, Maurice H."]
[Black "Sayas, Roberto"]
[Result "0-1"]
[WhiteElo "2068"]
[BlackElo "1964"]
[EventDate "2017.12.25"]
[Board "12"]
[WhiteTeam "CANADA"]
[BlackTeam "VENEZUELA"]

1.e4 c5 2.Nc3 Nc6 3.g3 g6 4.Bg2 Bg7 5.Nge2 h5 6.d3 h4 7.h3 hxg3 8.fxg3 d6 
9.Bg5 Rb8 10.a4 Be5 11.Qd2 Nf6 12.g4 Qa5 13.Rf1 Nh7 14.Be3 Bd7 15.Kd1 b5 
16.Bf4 Bg7 17.Bh6 O-O 18.Bxg7 Kxg7 19.Kc1 Nd4 20.Ra2 b4 21.Nd5 Nxc2 22.
Nxe7 Nd4 23.Nxd4 cxd4 24.Nd5 Rfc8+ 25.Kb1 Be6 26.b3 Rc3 27.Rb2 Qa6 28.Rd1 
Re8 29.Ka2 Bxd5 30.exd5 Re3 31.Qf2 Qc8 32.Rf1 f6 33.Be4 Rc1 34.Rxc1 Qxc1 
35.Qc2 Qxc2 36.Rxc2 Ng5 37.Kb2 Nxh3 38.Rc6 Re2+ 39.Kc1 Rf2 40.Rxd6 f5 41.
Rd7+ Kf8 42.gxf5 gxf5 43.Rxa7 fxe4 44.d6 Ke8 45.Re7+ Kd8 46.Rxe4 Ng1 47.
Re7 Ne2+ 48.Kb1 Nc3+ 49.Kc1 Rf3 50.Kd2 Rf6 51.Rc7 Rf2+ 52.Kc1 Nd5 53.Rc4 
Rf4 54.Rc5 Rf5 55.Rc4 Rf1+ 56.Kd2 Rf4 57.Rc5 Rf5 58.Rc4 Rf2+ 59.Ke1 Rf4 
60.Rc5 Rf5 61.Rc4 Ne3 62.Rc7 Rd5 63.Kf2 Rxd6 64.Rb7 Rf6+ 65.Ke2 Nd5 66.Ke1
Rb6 67.Rg7 Nf4 68.Rg4 Rf6 69.Kd2 Ne6 70.Ke1 Rf5 71.Rh4 Kc7 0-1

[Event "Canada vs. Venezeula"]
[Site "CCCA"]
[Date "2017.12.25"]
[Round "2"]
[White "Sayas, Roberto"]
[Black "Carter, Maurice H."]
[Result "1-0"]
[WhiteElo "1964"]
[BlackElo "2068"]
[EventDate "2017.12.25"]
[Board "12"]
[WhiteTeam "VENEZUELA"]
[BlackTeam "CANADA"]

1.e4 e5 2.Nf3 Nc6 3.Bb5 a6 4.Ba4 Nf6 5.O-O Be7 6.Re1 b5 7.Bb3 d6 8.c3 O-O 
9.h3 Nb8 10.d4 Nbd7 11.Nbd2 Bb7 12.Bc2 c5 13.d5 c4 14.Nf1 Qc7 15.Bg5 Rfc8 
16.Qd2 g6 17.Ng3 Bf8 18.Nh2 h5 19.Rf1 Bg7 20.Be3 Nc5 21.Bh6 Qb6 22.Rae1 
Bh8 23.Kh1 Qd8 24.f4 h4 25.Nf5 Nfxe4 26.Bxe4 Nxe4 27.Rxe4 gxf5 28.fxe5 
fxe4 29.Qe2 Rc7 30.Qg4+ Kh7 31.Bg5 f6 32.Qxh4+ Kg8 33.Rxf6 Qe8 34.Ng4 Rh7 
35.Bh6 Bg7 36.Qg5 dxe5 37.Rg6 1-0